| 000 | 01179cad a22002295a 4500 | ||
|---|---|---|---|
| 001 | E154458 | ||
| 008 | 120619s2011 xxk f 000 0 eng d | ||
| 035 | _a(Sirsi) u154458 | ||
| 041 | 0 | _aeng | |
| 050 | 0 | 4 | _a306.1 $2 18 |
| 110 | 2 |
_aSavills Research _95211 |
|
| 245 | 0 | 0 |
_aSpotlight on student housing _bScotland, Wales & Northern Ireland _h[electronic resource] |
| 260 |
_aLondon _bSavills _c2011 |
||
| 520 | _aLooks at the investment potential of student housing market. Examines recent changes to central government funding for UK universities and the resulting changes to student fees. Discusses the likely impact on student numbers and the impact on the number of student beds available in student accommodation. Highlights the situation in Edinburgh in particular. | ||
| 590 | _aKA | ||
| 651 | 4 |
_aScotland _y1999- |
|
| 651 | 4 |
_aWales _y2007- |
|
| 651 | 4 |
_aNorthern Ireland _y2007- |
|
| 690 | _aPROPERTY-RESIDENTIAL PROPERTY-COMMUNAL RESIDENTIAL PROPERTY | ||
| 856 | 4 | 8 |
_uhttps://pdf.euro.savills.co.uk/uk/spotlight-on/spotlight-on-student-housing-in-scotland--wales-and-northen-ireland.pdf _zView this report after free registration at www.savills.co.uk |
| 942 | _n0 | ||
| 999 |
_c112997 _d112997 |
||